Sports Quiz

Random Sports or NHL Quiz

Which Logo Is NHL? (Minefield) Quiz Stats

Quiz Updated Jan 14, 2018

Challenge
Share
Tweet
Score 0/31 Timer 01:30
7 Plays Today
% Correct
???
89.8%
???
85.1%
???
83.8%
???
81.1%
???
79.5%
???
79.3%
???
77.8%
???
76.9%
???
76.6%
???
76.2%
???
75.7%
???
75.4%
???
74.9%
???
74.2%
???
73.5%
???
73.2%
% Correct
???
73.1%
???
72.4%
???
71.8%
???
71.8%
???
71%
???
70.8%
???
70.5%
???
70.2%
???
69.3%
???
69.1%
???
68.4%
???
67%
???
66.9%
???
66.8%
???
62.3%

You're not logged in!

Compare scores with friends on all Sporcle quizzes.
Join for Free
OR
Log In

You Might Also Like...

Show Comments

Extras

Top Quizzes Today


Score Distribution

Your Account Isn't Verified!

In order to create a playlist on Sporcle, you need to verify the email address you used during registration. Go to your Sporcle Settings to finish the process.

Report this User

Report this user for behavior that violates our Community Guidelines.

Details: